000 01005nam a22002417a 4500
003 OSt
005 20250411084811.0
008 240913b ||||| |||| 00| 0 eng d
040 _c0
082 _aDPer 621.317 Ie21 December 2022 v.37 n. 12 part 1&2.
100 _aLi, Chen.
_eauthor.
_960987
245 _aOnline short-circuit current estimation of permanent magnet motors /
_cChen Li, Kudra Baruti, and Bilal Akin.
260 _aNew York ;
_bThe Institute of Electrical and Electronics Engineers, Inc.,
_cDecember 2022.
300 _avolume 37, pages 15554-15570,
_billustration.
500 _aIEEE Transactions on Power Electronics, v. 37 n. 12, pages 15554-15570, December 2022.
650 0 _aFault severity estimation.
_966314
650 0 _ainterturn short-circuit fault (ITSC).
_966315
650 0 _ashort-circuit current estimation.
_966316
700 _aLi, Chen.
_eauthor.
_960987
700 _aBaruti, Kudra.
_eauthor.
_960988
700 _aAkin, Bilal.
_eauthor.
_960989
942 _2ddc
_cPER
999 _c21614
_d21614